IFM Opac

Entrepreneurship: An Introduction (Record no. 22112)

MARC details
000 -LEADER
fixed length control field 00384nam a22001457a 4500
020 ## - INTERNATIONAL STANDARD BOOK NUMBER
ISBN 978-81-315-1614-0
082 ## - DEWEY DECIMAL CLASSIFICATION NUMBER
Classification number 338.04
100 ## - MAIN ENTRY--AUTHOR NAME
Personal name Kuratko, Donald F.
245 ## - TITLE STATEMENT
Title Entrepreneurship: An Introduction
250 ## - EDITION STATEMENT
Edition statement 8th
260 ## - PUBLICATION, DISTRIBUTION, ETC. (IMPRINT)
Place of publication Delhi:
Name of publisher Cengage Learning,
Year of publication 2011
300 ## - PHYSICAL DESCRIPTION
Number of Pages 556p.: ill.; 26 cm
500 ## - GENERAL NOTE
General note Includes Bibliographical References and Index
942 ## - ADDED ENTRY ELEMENTS (KOHA)
Koha item type Books
Holdings
Withdrawn status Lost status Damaged status Not for loan Collection code Permanent Location Current Location Shelving location Date acquired Source of acquisition Full call number Accession Number Price effective from Koha item type
        Non-fiction IFM Main Campus Library IFM Main Campus Library Work Room processing 11/18/2025 Donation 338.04 KUR 0000030050 11/18/2025 Books
        Non-fiction IFM Main Campus Library IFM Main Campus Library Work Room processing 11/18/2025 Donation 338.04 KUR 0000030051 11/18/2025 Books